000 00414nam a22001577a 4500
003 OSt
008 250415b |||||||| |||| 00| 0 eng d
020 _a9789386668578
082 _a352.749 NIL
100 _aNITHYANANDA,KV
245 _aIntellectual Property Rights Protection and Management
260 _aNew Delhi
_bCengage
_c2025
300 _a371
650 _aIntellectual Property Rights
942 _2ddc
_cBK
999 _c13286
_d13286